| 000 | 00679nam a22001817a 4500 | ||
|---|---|---|---|
| 003 | BD-DhUL | ||
| 005 | 20170219120722.0 | ||
| 008 | 160504s1966 II a|||| b||| 000 0 ben d | ||
| 040 |
_aBD-DhUL _cBD-DhUL |
||
| 082 |
_a891.44 _bALR |
||
| 100 | 1 | _aআলী আহসান, সৈয়দ। | |
| 245 | 1 | 0 |
_aসৈয়দ মুজতবা আলী রচনাবলী / _cসৈয়দ আলী আহসান। |
| 260 |
_aকলিকাতা : _bমিত্র ও ঘোষ , _c১৯৬৬। |
||
| 300 |
_a৪৮৮ পৃ. : _c২১ সেমি.। |
||
| 650 | 0 | _aবাংলা সাহিত্য | |
| 650 | 0 | _aBangla literature | |
| 942 |
_2ddc _cBK |
||
| 999 |
_c157137 _d157137 |
||